Don Ricardo Jiménez en un carrusel: la cultura popular y la identidad costarricense, 1880-1914 /
Enregistré dans:
| Auteur principal: | |
|---|---|
| Format: | Texte |
| Sujets: | |
| Tags: |
Ajouter un tag
Pas de tags, Soyez le premier à ajouter un tag!
|
MARC
| LEADER | 00000 a a2200000 04500 | ||
|---|---|---|---|
| 001 | 18519 | ||
| 003 | |||
| 040 | |||
| 100 | |a Molina Jiménez, Iván | ||
| 245 | |a Don Ricardo Jiménez en un carrusel: |b la cultura popular y la identidad costarricense, 1880-1914 / |c Iván Molina Jiménez | ||
| 650 | |a ANALISIS HISTORICO | ||
| 650 | |a CULTURA TRADICIONAL | ||
| 650 | |a IDENTIDAD CULTURAL | ||
| 650 | |a ESTADO | ||
| 650 | |a LIBERALISMO | ||
| 773 | |g número 25; páginas 63-72 | ||
| 999 | |c 28469 |d 28469 | ||
